00480nam a2200181Ia 4500001001000000003000500010008004100015010001100056040000900067082001300076100003200089245006100121260002800182300001100210650003200221650002500253650002000278Para_9559CHAP220125s2006 xx 000 0 und d a208233 cCHAP a860.3 V3 aValle - Arizpe, Artermio de aLa güera Rodríguez /c por Artemio de Valle - Arizpe aMéxico, D.F. :b Alpe a194 p. aLiteratura Latinoamericana  aLiteratura mexicana  aNovela Mexicana